| 000 | 00738nam a22002297a 4500 | ||
|---|---|---|---|
| 005 | 20170124110253.0 | ||
| 010 | _a857082 | ||
| 020 | _c00.00 | ||
| 035 | _a857082 | ||
| 037 | _bCen Lib/Ret | ||
| 040 |
_aDPL _bEN |
||
| 082 |
_a020 _bSRI |
||
| 100 |
_aSrivastava, Anand P. _917505 |
||
| 245 |
_aRanganathan : a pettern maker : _cby Anand P. Srivastava _ba syndetic study of his contributions / |
||
| 260 |
_aNew Delhi _bMetropolitan book co. _c1977 |
||
| 270 |
_a1- Neta ji Subhash Marg _bNew Delhi _e110002 |
||
| 300 |
_axvi,133p. : _c20cm(Hb) _bill. |
||
| 500 | _aIncludes index | ||
| 650 |
_aLibrary Science _9100912 |
||
| 650 |
_aPettern making library education _9100913 |
||
| 942 |
_2ddc _cEN _h020 _mSRI |
||
| 999 |
_c136049 _d136049 |
||